000 00709nam a2200205Ia 4500
005 20260121110304.0
008 008 260114s9999 xx 000 0 hin d
020 _a9788132392071
037 _aEBOOK
040 _aCRL
_bhin
_cCRL
041 _ahin
_2hin
084 _qCRL
100 _aमीरा हंसराज / Meera Hansraj
_9944335
245 0 _aयूनाइटेड किंगडम की कला और वास्तुकला / United Kingdom ki Kala aur Vastukala
260 _bभाषा प्रकाशन / Bhasha Prakashan
_c2023
856 _uhttps://bhashaprakashan.com/product-details/437422
942 _cEBOOK
999 _c1535999
_d1535999